01427nam a22003617a 4500003000500000005001700005008004100022010001000063011001000073035001000083040000900093090001000102100003800112245007200150260004000222300001000262502007500272590003700347590004100384590004100425590004100466590004100507590004200548650002700590650005600617901000700673942000900680949004300689949005500732999001700787952013300804952012800937CHAP20220817042904.0971013s1995 r 00010 d a58919 a59891 a64051 cCHAP aTesis00aMontero Ahumada, Gilberto.977804 aESICb: programa computacional para evaluar sistemas de cruzamiento aChapingo, Méx. :bEl autor,c1995 a66 h. aTesis (Ing. Agr. Esp. en Zootecnia) -- UACH. Departamento de Zootecnia aALEPHb10c20130110lUCH01h1337 aBATCH-UPDb10c20130109lUCH01h2348 aBATCH-UPDb10c20130110lUCH01h2315 aBATCH-UPDb10c20130409lUCH01h1918 aBATCH-UPDb10c20130914lUCH01h1505 aCONVERSIONb10c20130109lUCH01h133214aGanadoxCruzas.94490314aProcesamiento automático de datos en ganadería. aBK cFOLL bBCcTESd-138816eTS1h28588i64051si bBCcTESd33724000079356eTS2fc.2h28589i64051si c58919d58919 00102local4053708TESISaBCbBCcPA_TESISd2019-12-31fTESISl0p33724000079356r2019-12-31 00:00:00tc.2w2019-12-31yTESIS 00102local4051708TESISaBCbBCcPA_TESISd2019-12-31fTESISl0oTesisp-138816r2019-12-31 00:00:00w2019-12-31yTESIS